[Event "Andalucia-ch U16"]
[Site "Islantilla"]
[Date "2012.04.14"]
[Round "7"]
[White "Juan Delgado, Adrian"]
[Black "Vico Moreno, Antonio"]
[Result "1-0"]
[WhiteElo "1801"]
[BlackElo "1714"]
[PlyCount "71"]
[EventDate "2012.04.13"]
[EventType "swiss"]
[EventRounds "9"]
[EventCountry "ESP"]
[SourceTitle "CBM 148 Extra"]
[Source "ChessBase"]
[SourceDate "2012.06.22"]
[SourceVersion "1"]
[SourceVersionDate "2012.06.22"]
[SourceQuality "1"]

1. d4 Nf6 2. c4 c5 3. d5 b5 4. a4 b4 5. b3 g6 6. Bb2 Bg7 7. e4 d6 8. Bd3 0-0 9. Qc2 e5 10. Nd2 Nh5 11. Ne2 Qg5 12. g3 f5 13. f3 Qe3 14. Rf1 fxe4 15. fxe4 Rxf1+ 16. Nxf1 Qg5 17. Bc1 Qf6 18. Be3 Bh3 19. Nd2 Nd7 20. 0-0-0 Rf8 21. Ng1 Bg2 22. Bf1 Bxf1 23. Rxf1 Qe7 24. Qd1 Rxf1 25. Qxf1 Qf6 26. Qh3 Qf7 27. Ngf3 Nhf6 28. Ng5 Qe7 29. Ne6 Qf7 30. g4 Nf8 31. g5 Nh5 32. Nxf8 Bxf8 33. Qg4 Bg7 34. Kd1 Nf4 35. Bxf4 exf4 36. Qc8+ 1-0

[Event "ESP-ch U14"]
[Site "Padron"]
[Date "2011.07.13"]
[Round "3"]
[White "Vico Moreno, Antonio"]
[Black "Fernandez Gil, Ruben Carlos"]
[Result "0-1"]
[WhiteElo "1696"]
[BlackElo "1847"]
[PlyCount "49"]
[EventDate "2011.07.12"]
[EventType "swiss"]
[EventRounds "9"]
[EventCountry "ESP"]
[SourceTitle "CBM 143 Extra"]
[Source "ChessBase"]
[SourceDate "2011.08.29"]
[SourceVersion "1"]
[SourceVersionDate "2011.08.29"]
[SourceQuality "1"]

1. e4 c5 2. Nf3 Nc6 3. d4 cxd4 4. Nxd4 g6 5. Nc3 Bg7 6. Be3 Nf6 7. Bc4 0-0 8. Qd2 Ng4 9. Nxc6 bxc6 10. f3 Nxe3 11. Qxe3 Rb8 12. Bb3 Qa5 13. 0-0 c5 14. Qf4 Ba6 15. Rfd1 c4 16. Rxd7 cxb3 17. cxb3 Rxb3 18. Nd5 Rxb2 19. Qg5 Kh8 20. Qxe7 Qd2 21. Nf4 Qxf4 22. Rd8 Rb8 23. Rad1 Qe3+ 24. Kh1 Rbxd8 25. Re1 0-1

[Event "Andalucia-ch U18"]
[Site "Almeria"]
[Date "2011.04.17"]
[Round "3.10"]
[White "Romero Lopez, Cristina"]
[Black "Vico Moreno, Antonio"]
[Result "0-1"]
[WhiteElo "1907"]
[BlackElo "1729"]
[PlyCount "70"]
[EventDate "2011.04.16"]
[EventType "swiss"]
[EventRounds "8"]
[EventCountry "ESP"]
[SourceTitle "EXT 2024"]
[Source "ChessBase"]
[SourceDate "2023.10.10"]
[SourceVersion "1"]
[SourceVersionDate "2023.10.10"]
[SourceQuality "1"]

1. e4 e6 2. Nf3 d5 3. Nc3 dxe4 4. Nxe4 Nf6 5. Nxf6+ gxf6 6. d4 Nc6 7. c3 Bd6 8. Bh6 f5 9. Qd2 Rg8 10. Bg5 Be7 11. Bf4 Bd6 12. Bg3 Bd7 13. Qh6 Qe7 14. Qxh7 0-0-0 15. Qh6 Rh8 16. Qe3 Bxg3 17. fxg3 Rdg8 18. Kf2 f6 19. Bc4 Qd6 20. b4 Rg4 21. Be2 f4 22. gxf4 Rxf4 23. g3 Rf5 24. Bd3 Rfh5 25. a4 Kb8 26. Bc4 e5 27. d5 Ne7 28. Rhd1 Bg4 29. h4 Rf5 30. Be2 Nxd5 31. Qe4 Qb6+ 32. Ke1 Bxf3 33. Qxf5 Qg1+ 34. Kd2 Qe3+ 35. Kc2 Be4+ 0-1

[Event "Andalucia-ch U18"]
[Site "Almeria"]
[Date "2011.04.17"]
[Round "2.19"]
[White "Vico Moreno, Antonio"]
[Black "Cabrera Valverde, Cristina"]
[Result "1-0"]
[WhiteElo "1729"]
[BlackElo "1457"]
[PlyCount "47"]
[EventDate "2011.04.16"]
[EventType "swiss"]
[EventRounds "8"]
[EventCountry "ESP"]
[SourceTitle "EXT 2024"]
[Source "ChessBase"]
[SourceDate "2023.10.10"]
[SourceVersion "1"]
[SourceVersionDate "2023.10.10"]
[SourceQuality "1"]

1. d4 Nf6 2. c4 g6 3. Nc3 Bg7 4. Nf3 0-0 5. e4 d6 6. Be2 e5 7. 0-0 Nbd7 8. Bg5 c6 9. Qd2 Qb6 10. dxe5 dxe5 11. Rad1 Re8 12. Rfe1 Nc5 13. Qc2 Ne6 14. Be3 Qc7 15. h3 Bd7 16. a3 Rad8 17. b4 c5 18. Nd5 Nxd5 19. exd5 Nd4 20. Bxd4 cxd4 21. Bf1 Rc8 22. c5 Bf5 23. Qb3 Qe7 24. Nxe5 1-0

[Event "Almeria-ch Juvenil"]
[Site "Almeria"]
[Date "2011.01.22"]
[Round "1.5"]
[White "Martinez Jimenez, Isabel"]
[Black "Vico Moreno, Antonio"]
[Result "0-1"]
[WhiteElo "1361"]
[BlackElo "1697"]
[PlyCount "62"]
[EventDate "2011.01.22"]
[EventType "swiss"]
[EventRounds "6"]
[EventCountry "ESP"]
[SourceTitle "EXT 2024"]
[Source "ChessBase"]
[SourceDate "2023.10.10"]
[SourceVersion "1"]
[SourceVersionDate "2023.10.10"]
[SourceQuality "1"]

1. e4 e6 2. d4 d5 3. Nc3 Bb4 4. Bd2 Bxc3 5. Bxc3 Ne7 6. e5 Nf5 7. Nf3 Nd7 8. Bd3 c5 9. Bxf5 exf5 10. 0-0 0-0 11. Qd2 Re8 12. Rfe1 cxd4 13. Bxd4 Nb6 14. b3 Be6 15. Qf4 Rc8 16. Re2 Rc6 17. Nh4 g5 18. Qg3 f4 19. Bxb6 Rxb6 20. Qd3 gxh4 21. g3 Qg5 22. Kh1 fxg3 23. fxg3 Kh8 24. Rf1 hxg3 25. hxg3 Rg8 26. Rh2 Qg6 27. Qxg6 Rxg6 28. Rf3 Rc6 29. Kg1 Rg5 30. Re2 Bg4 31. Rxf7 Bxe2 0-1